000 00592nam a2200181 i 4500
001 26290
003 ES-MaACL
007 t|
008 030108s1892 fr ||||1| fre d
100 1 _aAulard, Alphonse.
_923905
245 1 3 _aLe culte de la raison et le culte de l'êltre suprême (1793-1794)
_b: enai historique /
_cpar Alphonse Aulard.
260 _aParís :
_bF. Alcan,
_c1892.
300 _aVIII, 371 p. ;
_c19 cm.
490 1 _aBibliothèque d'histoire contemporaine
830 0 _aBibliothèque d'histoire contemporaine
_9180875
852 _aES-MaACL
_jG-7441
999 _c26290
_d26290